000
00286nam a2200109Ia 4500
008
200302s9999 xx 000 0 und d
100
_a
karl Kaspar
245
_a
Shops and Showrooms an Internationl Survey
260
_b
Frederick A. Praeger Publisher
260
_c
1967
300
_a
167 P.,
999
_c
2305
_d
2305